Statystyki dla Kadra BVB w Bundeslidze 2012/2013

Kliknij tutaj aby rozwiązać quiz!

Ogólne statystyki

  • Ten quiz został rozwiązany 110 razy
  • Średni wynik to 13 z 20

Statystyki odpowiedzi

pozycja#krajpiłkarz% Poprawnych
P16POLJakub Błaszczykowski
99%
O26POLŁukasz Piszczek
99%
N9POLRobert Lewandowski
99%
O15GERMats Hummels
92%
N11GERMarco Reus
91%
B1GERRoman Weidenfeller
84%
O4SERNeven Subotic
83%
P10GERMario Gotze
81%
Trener-GERJurgen Klopp
80%
O29GERMarcel Schmelzer
76%
P8GERIlkay Gundogan
71%
P14CROIvan Perisic
70%
O27BRAFelipe Santana
64%
P5GERSebastian Kehl
61%
P19GERKevin Grosskreutz
53%
P6GERSven Bender
48%
B20AUSMitchell Langerak
45%
B33GERZlatan Alomerovic
15%
O21GEROlivier Kirch
9%
O22GERPatrick Owomoyela
9%

Rozkład punktacji

Percentyl według liczby udzielonych odpowiedzi

Procent ludzi z każdym wynikiem

Twoja historia wyników

Nie rozwiązałeś tego quizu